Dangerous voices : women's laments and Greek literature

Αποθηκεύτηκε σε:
Λεπτομέρειες βιβλιογραφικής εγγραφής
Κύριος συγγραφέας: Holst-Warhaft, Gail 1941-
Μορφή: Βιβλίο
Γλώσσα:English
Δημοσίευση: London; New York : Routledge, 1992
Θέματα:
Ετικέτες: Προσθήκη ετικέτας
Δεν υπάρχουν, Καταχωρήστε ετικέτα πρώτοι!

MARC

LEADER 00000nam a2200000 i 4500
001 1/5900
008 960619s1992 eng d
020 |a 0-415-12165-5 
035 |l 10016167 
040 |a GR-MY-UA  |b gre  |e aacr 
041 0 |a eng 
082 0 |a 880.9001089 
100 1 |a Holst-Warhaft, Gail  |d 1941- 
245 1 0 |a Dangerous voices :  |b women's laments and Greek literature /  |c Gail Holst-Warhaft 
260 |a London; New York :   |b Routledge,   |c 1992 
300 |a 227 p. 
504 |a Includes bibliographical references and index 
650 0 0 |a Greek literature  |x History and criticism. 
650 0 0 |a Literature and society  |z Greece. 
650 0 0 |a Women and literature  |z Greece. 
650 0 0 |a Mourning customs  |z Greece. 
650 0 0 |a Women  |z Greece  |x Social conditions. 
650 0 0 |a Mourning customs in literature. 
650 0 0 |a Laments  |z Greece  |x History and critisism. 
650 0 0 |a Death in literature. 
852 |a INST  |b LESVOS  |e 19960619  |h 880.9001089 HOL  |p 005100009921  |q 005100009921  |t BK  |y 0 
852 |a INST  |b LESVOS  |e 19980112  |h 880.9001089 HOL  |p 005100015337  |q 005100015337  |t BK  |y 0 
909 |a Λ  |b 044063 
909 |a Λ  |b 052144 
950 |a 146/1996-02-06